[Event "Minsk Open 2010"]
[Site "?"]
[Date "2010.08.05"]
[Round "2.13"]
[White "Bulanov, Dmitri"]
[Black "Harshkou, Mikita"]
[Result "1/2-1/2"]
[WhiteElo "2379"]
[BlackElo "2175"]
[PlyCount "82"]
[EventDate "2010.08.04"]
[SourceDate "2010.08.04"]

1. e4 e6 2. d4 d5 3. Nc3 Nf6 4. e5 Nfd7 5. Nce2 c5 6. c3 Nc6 7. f4 a6 8. Nf3 b5
9. a3 Qb6 10. g4 h5 11. Bh3 hxg4 12. Bxg4 f5 13. exf6 Nxf6 14. Rg1 Nxg4 15.
Rxg4 cxd4 16. cxd4 e5 17. Rg6 Bf5 18. Rg5 Be4 19. Nc3 O-O-O 20. fxe5 Be7 21.
Rg4 Bxf3 22. Qxf3 Nxd4 23. Qd3 Rh4 24. Rxh4 Bxh4+ 25. Kd1 Nb3 26. Be3 d4 27.
Nd5 Rxd5 28. Qxb3 Qe6 29. Rc1+ Kb8 30. Bf4 d3 31. Kd2 g5 32. Rc5 Be1+ 33. Kxe1
d2+ 34. Bxd2 Qxe5+ 35. Kd1 Rxc5 36. Qg8+ Kb7 37. Qf7+ Rc7 38. Qf3+ Kb8 39. Qf8+
Kb7 40. Qf3+ Kb8 41. Qf8+ Kb7 1/2-1/2

[Event "Minsk Open 2010"]
[Site "?"]
[Date "2010.08.05"]
[Round "2.14"]
[White "Abramenko, Sergey"]
[Black "Glidzhain, Gor"]
[Result "1/2-1/2"]
[WhiteElo "2155"]
[BlackElo "2369"]
[PlyCount "107"]
[EventDate "2010.08.04"]
[SourceDate "2010.08.04"]

1. e4 c6 2. d4 d5 3. Nc3 dxe4 4. Nxe4 Nd7 5. Bd3 Ngf6 6. Ng5 e6 7. N1f3 Bd6 8.
Qe2 h6 9. Ne4 Nxe4 10. Qxe4 Nf6 11. Qe2 b6 12. Bd2 Bb7 13. O-O-O Qc7 14. Kb1
O-O-O 15. Rhe1 Kb8 16. c4 Rhe8 17. Bc3 Ka8 18. Ne5 c5 19. dxc5 Bxc5 20. Bc2 Rc8
21. f4 Red8 22. g4 a6 23. h4 Ne8 24. h5 Bd6 25. Bd3 f6 26. Ng6 Bxf4 27. Qxe6
Bg3 28. Rf1 Nd6 29. Qe3 Bh2 30. Qe2 Nxc4 31. Bxc4 Qxc4 32. Qxc4 Rxd1+ 33. Rxd1
Rxc4 34. Rd7 Rc7 35. Rd8+ Ka7 36. Rd4 Bg1 37. Rd1 Be4+ 38. Ka1 Bh2 39. Nh4 a5
40. a3 Ka6 41. Rd4 Bb7 42. Rd2 Bf4 43. Rd3 b5 44. Nf5 b4 45. axb4 axb4 46. Bxb4
Rc4 47. Bf8 Be5 48. Ne3 Rc1+ 49. Ka2 Bc8 50. Kb3 Be6+ 51. Kb4 Rc7 52. b3 Rf7
53. Bd6 Rb7+ 54. Ka4 1/2-1/2

[Event "Minsk Open 2010"]
[Site "?"]
[Date "2010.08.05"]
[Round "2.15"]
[White "Aliavdin, Nikolai"]
[Black "Gromadin, Gleb"]
[Result "1-0"]
[WhiteElo "2367"]
[BlackElo "2169"]
[PlyCount "53"]
[EventDate "2010.08.04"]
[SourceDate "2010.08.04"]

1. e4 c5 2. Nf3 d6 3. c3 Nf6 4. h3 Bd7 5. Bd3 g6 6. O-O Bg7 7. Bc2 O-O 8. d4
Nc6 9. Re1 Rc8 10. dxc5 dxc5 11. e5 Ne8 12. Bf4 Nc7 13. Nbd2 Ne6 14. Bg3 Qc7
15. Ne4 Rfd8 16. Nf6+ exf6 17. exf6 Qb6 18. fxg7 Qxb2 19. Bh4 Qxc3 20. Bxd8
Rxd8 21. Be4 b6 22. Qe2 Re8 23. Rac1 Qa3 24. Qd2 Ncd4 25. Ne5 Bb5 26. Ng4 h5
27. Qh6 1-0

[Event "Minsk Open 2010"]
[Site "?"]
[Date "2010.08.05"]
[Round "2.16"]
[White "Homiakova, Elena"]
[Black "Smirnov, Valerij"]
[Result "1/2-1/2"]
[WhiteElo "2142"]
[BlackElo "2361"]
[PlyCount "118"]
[EventDate "2010.08.04"]
[SourceDate "2010.08.04"]

1. e4 c5 2. Nf3 d6 3. d4 cxd4 4. Nxd4 Nf6 5. Nc3 Nc6 6. Be3 e5 7. Nb3 Be6 8.
Be2 Be7 9. O-O O-O 10. f4 exf4 11. Bxf4 a5 12. a4 Nb4 13. Nd4 Rc8 14. Kh1 d5
15. exd5 Nbxd5 16. Nxe6 fxe6 17. Nxd5 Nxd5 18. Bd2 Rxf1+ 19. Bxf1 Bg5 20. c3
Qf6 21. Bb5 Rf8 22. Bxg5 Qxg5 23. Qe2 Rf6 24. Rd1 h5 25. Bc4 Qf5 26. Bd3 Qf2
27. Qxh5 Qxg2+ 28. Kxg2 Nf4+ 29. Kf3 Nxh5+ 30. Ke3 Nf4 31. Be4 b6 32. Rd8+ Kf7
33. Rd7+ Kf8 34. b4 axb4 35. cxb4 e5 36. Rb7 Rd6 37. a5 bxa5 38. bxa5 Ne6 39.
Rb5 Ng5 40. Bb7 Rh6 41. Rxe5 Rh3+ 42. Kd4 Nf7 43. Re3 Rxh2 44. Ra3 Nd6 45. a6
Ke7 46. Kc5 Rc2+ 47. Kb4 Nc8 48. Bxc8 Rxc8 49. a7 Ra8 50. Kc5 Kf6 51. Rf3+ Ke5
52. Kb6 g5 53. Kb7 Rxa7+ 54. Kxa7 g4 55. Rf8 Ke4 56. Kb6 g3 57. Kc5 g2 58. Rg8
Kf3 59. Kd4 Kf2 1/2-1/2

[Event "Minsk Open 2010"]
[Site "?"]
[Date "2010.08.05"]
[Round "2.17"]
[White "Stetsko, Lanita"]
[Black "Bogachkov, Igor"]
[Result "1-0"]
[WhiteElo "2132"]
[BlackElo "2347"]
[PlyCount "74"]
[EventDate "2010.08.04"]
[SourceDate "2010.08.04"]

1. c4 g6 2. Nc3 Bg7 3. g3 Nf6 4. Bg2 O-O 5. Nf3 c5 6. O-O Nc6 7. d4 d6 8. d5
Na5 9. Qd3 a6 10. e4 Rb8 11. a4 Nb3 12. Rb1 Nxc1 13. Rfxc1 Qa5 14. Qd2 Ng4 15.
b3 Bh6 16. Qe2 Bxc1 17. Rxc1 e5 18. dxe6 Bxe6 19. e5 dxe5 20. Nxe5 Nh6 21. Ne4
f6 22. Nd3 Bf5 23. Ndxc5 Bxe4 24. Nxe4 Qe5 25. c5 Kg7 26. Qd2 Rbd8 27. Qb4 Qb2
28. Re1 Nf7 29. Qxb7 Rfe8 30. Rf1 Rb8 31. Qxa6 Rxb3 32. a5 Qd4 33. Qc6 Reb8 34.
a6 Ra3 35. Qc7 Rf8 36. a7 Ra8 37. Nd6 R3xa7 1-0

[Event "Minsk Open 2010"]
[Site "?"]
[Date "2010.08.05"]
[Round "2.19"]
[White "Kovalev, Vladislav"]
[Black "Ulasevich, Sergei"]
[Result "1-0"]
[WhiteElo "2329"]
[BlackElo "2157"]
[PlyCount "61"]
[EventDate "2010.08.04"]
[SourceDate "2010.08.04"]

1. e4 c6 2. d4 d5 3. Nc3 dxe4 4. Nxe4 Bf5 5. Ng3 Bg6 6. h4 h6 7. Nf3 Nd7 8. h5
Bh7 9. Bd3 Bxd3 10. Qxd3 e6 11. Bf4 Qa5+ 12. Bd2 Bb4 13. c3 Be7 14. c4 Qc7 15.
O-O-O Ngf6 16. Kb1 O-O 17. Rhe1 b5 18. cxb5 Rab8 19. Rc1 Qb6 20. Rxc6 Qxb5 21.
Qxb5 Rxb5 22. Rec1 a5 23. a4 Rd5 24. Ra6 Bd8 25. b4 Bb6 26. Rc4 Rb8 27. b5 e5
28. Nf5 Kf8 29. Ne3 Rd6 30. Bxa5 e4 31. Bb4 1-0

[Event "Minsk Open 2010"]
[Site "?"]
[Date "2010.08.05"]
[Round "2.20"]
[White "Korniyuk, Mariya"]
[Black "Khaiminov, Alexandr"]
[Result "1/2-1/2"]
[WhiteElo "2070"]
[BlackElo "2323"]
[PlyCount "71"]
[EventDate "2010.08.04"]
[SourceDate "2010.08.04"]

1. e4 c5 2. c3 e6 3. d4 d5 4. exd5 exd5 5. Be3 cxd4 6. Bxd4 Nc6 7. Nf3 a6 8.
Be2 Nxd4 9. Nxd4 Nf6 10. Nd2 Bd6 11. O-O O-O 12. Re1 Qc7 13. Nf1 g6 14. Bf3 b6
15. h3 Bb7 16. Ne3 Ne4 17. Ng4 h5 18. Ne3 Rfe8 19. Rc1 Rad8 20. Rc2 Bh2+ 21.
Kh1 Bf4 22. Nf1 f5 23. Kg1 h4 24. Rce2 Re7 25. Qb3 Kh7 26. Rd1 Rd6 27. Nc2 Be5
28. Nfe3 Qc5 29. Nd4 Ng5 30. Red2 Bf4 31. Ndc2 Nxf3+ 32. gxf3 Red7 33. Rd4 Bg5
34. R4d3 a5 35. Qa4 Bc6 36. Qd4 1/2-1/2

[Event "Minsk Open 2010"]
[Site "?"]
[Date "2010.08.06"]
[Round "3.2"]
[White "Zhigalko, Andrey"]
[Black "Kholopov, Alexander A"]
[Result "1/2-1/2"]
[WhiteElo "2591"]
[BlackElo "2315"]
[PlyCount "73"]
[EventDate "2010.08.04"]
[SourceDate "2010.08.04"]

1. e4 c5 2. Nf3 Nf6 3. e5 Nd5 4. d4 cxd4 5. Qxd4 e6 6. Bc4 Nc6 7. Qe4 d6 8. O-O
dxe5 9. Nxe5 Nxe5 10. Qxe5 Qc7 11. Qxc7 Nxc7 12. Bf4 Nd5 13. Bxd5 exd5 14. Nc3
Be6 15. Rad1 O-O-O 16. Nb5 Bc5 17. Be5 a6 18. Bd4 axb5 19. Bxc5 Kd7 20. c3 Kc6
21. Bd4 f6 22. f3 h5 23. Kf2 Bf5 24. Rfe1 Rhe8 25. g3 Bc2 26. Rc1 Bf5 27. a3
Bg6 28. h3 Rxe1 29. Rxe1 Re8 30. Rd1 Bc2 31. Rd2 Bg6 32. g4 Kd6 33. f4 hxg4 34.
hxg4 Be4 35. Kg3 Rh8 36. g5 Ke6 37. Rh2 1/2-1/2

[Event "Minsk Open 2010"]
[Site "?"]
[Date "2010.08.06"]
[Round "3.4"]
[White "Litvinov, Vladimir"]
[Black "Lintchevski, Daniil"]
[Result "0-1"]
[WhiteElo "2277"]
[BlackElo "2507"]
[PlyCount "94"]
[EventDate "2010.08.04"]
[SourceDate "2010.08.04"]

1. e4 c6 2. d4 d5 3. Nc3 dxe4 4. Nxe4 Bf5 5. Ng3 Bg6 6. Nf3 Nd7 7. h4 h6 8. h5
Bh7 9. Bd3 Bxd3 10. Qxd3 e6 11. Bf4 Qa5+ 12. Bd2 Bb4 13. c3 Be7 14. c4 Qc7 15.
O-O-O Ngf6 16. Qc2 O-O 17. Kb1 b5 18. c5 Rfe8 19. Rde1 Rad8 20. Ne4 Nxe4 21.
Qxe4 Nf6 22. Qf4 Qxf4 23. Bxf4 Rd5 24. Be5 Ng4 25. Re2 Nxe5 26. Rxe5 Bf6 27.
Rxd5 exd5 28. Ne5 Bxe5 29. Re1 f6 30. f4 Kf7 31. fxe5 fxe5 32. dxe5 Ke6 33. Re3
d4 34. Rg3 Re7 35. Kc2 Kxe5 36. Kd3 Kd5 37. Rg4 Re3+ 38. Kd2 Re5 39. Rxg7 Rxh5
40. b4 Rg5 41. Rxa7 Rxg2+ 42. Kd3 Rg3+ 43. Ke2 Kc4 44. a3 d3+ 45. Kd2 Rg2+ 46.
Ke3 Re2+ 47. Kf3 Re1 0-1

[Event "Minsk Open 2010"]
[Site "?"]
[Date "2010.08.06"]
[Round "3.5"]
[White "Prizant, Jaroslav"]
[Black "Kurukin, Dmitry"]
[Result "1-0"]
[WhiteElo "2489"]
[BlackElo "2258"]
[PlyCount "45"]
[EventDate "2010.08.04"]
[SourceDate "2010.08.04"]

1. d4 Nf6 2. c4 g6 3. Nc3 Bg7 4. e4 d6 5. f3 O-O 6. Nge2 c5 7. d5 e6 8. Ng3
exd5 9. cxd5 h5 10. Be2 Nh7 11. Be3 h4 12. Nf1 f5 13. exf5 gxf5 14. Bf4 a6 15.
a4 Qf6 16. Ne3 Qd4 17. g3 Re8 18. Qd2 b6 19. Ncd1 Ra7 20. Bxd6 Rb7 21. Bf4 Be5
22. Bxe5 Rxe5 23. Rc1 1-0

[Event "Minsk Open 2010"]
[Site "?"]
[Date "2010.08.06"]
[Round "3.6"]
[White "Kocheev, Aleksandr"]
[Black "Lutsko, Igor"]
[Result "1-0"]
[WhiteElo "2259"]
[BlackElo "2421"]
[PlyCount "119"]
[EventDate "2010.08.04"]
[SourceDate "2010.08.04"]

1. e4 c5 2. Nf3 Nc6 3. c3 Nf6 4. e5 Nd5 5. Bc4 e6 6. O-O d6 7. d4 cxd4 8. cxd4
Be7 9. Qe2 O-O 10. Nc3 Nxc3 11. bxc3 dxe5 12. dxe5 Qa5 13. Bd3 Rd8 14. Rb1 Rb8
15. Re1 Bd7 16. Ng5 h6 17. Rb5 Qa4 18. Bc2 Nd4 19. cxd4 Qxb5 20. Qe4 Bb4 21.
Qh7+ Kf8 22. Qh8+ Ke7 23. Qxg7 Be8 24. Ne4 Rxd4 25. Rf1 Qe2 26. Qf6+ Kd7 27.
Ba4+ b5 28. Ng3 Qxa2 29. Bd1 Bd2 30. Nf5 Rd3 31. Be2 Rd5 32. Qe7+ Kc6 33. Bf3
Kb6 34. Bxd5 Qxd5 35. Rd1 Rc8 36. Ne3 Qd7 37. Qxd7 Bxd7 38. Bxd2 Bc6 39. Ra1 a6
40. f4 h5 41. Kf2 h4 42. Ng4 Be4 43. Ba5+ Kb7 44. Ne3 Ka7 45. Rd1 Rb8 46. Rd4
Bg6 47. Kf3 Bh5+ 48. Kf2 Bg6 49. Ke2 Rc8 50. Kd2 Kb7 51. Rd7+ Kc6 52. Ra7 Kc5
53. Rxa6 b4 54. Ra7 b3 55. Kc3 Rb8 56. Nc4 Be4 57. Rc7+ Kb5 58. Bb4 Bxg2 59.
Rc5+ Ka6 60. Ra5+ 1-0

[Event "Minsk Open 2010"]
[Site "?"]
[Date "2010.08.06"]
[Round "3.7"]
[White "Mukhin, Pavel"]
[Black "Zaiatz, Elena"]
[Result "0-1"]
[WhiteElo "2214"]
[BlackElo "2398"]
[PlyCount "76"]
[EventDate "2010.08.04"]
[SourceDate "2010.08.04"]

1. d4 Nf6 2. Nf3 d5 3. Bg5 e6 4. e3 h6 5. Bh4 c5 6. c3 Nc6 7. Nbd2 Bd7 8. Bd3
cxd4 9. exd4 g5 10. Bg3 Nh5 11. Qe2 Bg7 12. Nb3 b6 13. Nfd2 Nxg3 14. fxg3 h5
15. Nf3 g4 16. Nh4 O-O 17. O-O-O a5 18. Bc2 a4 19. Qd3 f5 20. Nd2 a3 21. b3 Qg5
22. Kb1 Rfc8 23. Rc1 Bh6 24. Rcd1 Na7 25. Rhe1 Rc7 26. c4 Rac8 27. Re2 Nc6 28.
Qc3 Bg7 29. Nf1 dxc4 30. bxc4 Nxd4 31. Rxd4 Rxc4 32. Qxc4 Rxc4 33. Rxc4 Qf6 34.
Bb3 Qa1+ 35. Kc2 Qxf1 36. Rd2 Bh6 37. Rxd7 Qc1+ 38. Kd3 Qd2# 0-1

[Event "Minsk Open 2010"]
[Site "?"]
[Date "2010.08.06"]
[Round "3.9"]
[White "Daulyte, Deimante"]
[Black "Stetsko, Lanita"]
[Result "1-0"]
[WhiteElo "2333"]
[BlackElo "2132"]
[PlyCount "113"]
[EventDate "2010.08.04"]
[SourceDate "2010.08.04"]

1. e4 d6 2. d4 Nf6 3. Nc3 g6 4. Be3 c6 5. h3 Bg7 6. Qd2 b5 7. Bd3 O-O 8. Nf3
Nbd7 9. O-O Qc7 10. a3 a6 11. Bh6 e5 12. Rfe1 Bb7 13. Rad1 Rfe8 14. Bxg7 Kxg7
15. Bf1 Rad8 16. Nh4 exd4 17. Qxd4 Ne5 18. Qe3 h6 19. f4 Ned7 20. Qg3 Kh7 21.
Qd3 Nc5 22. Qd4 Qe7 23. e5 dxe5 24. Qxe5 Qxe5 25. fxe5 Rxd1 26. Nxd1 Nd5 27.
Nf3 Ne6 28. Nf2 c5 29. Ne4 Re7 30. c4 Ndc7 31. Nd6 Bxf3 32. gxf3 Nd4 33. Kf2
Kg7 34. f4 Nce6 35. Kg3 b4 36. axb4 cxb4 37. Ra1 Ra7 38. Ra5 Nb3 39. Rd5 a5 40.
Rb5 Nbd4 41. Rb8 Nc6 42. Rb6 Ned4 43. Nb5 Nxb5 44. cxb5 Nd4 45. Ra6 Rxa6 46.
bxa6 Nc6 47. Kf3 a4 48. Ke4 b3 49. Bb5 Nb4 50. Bxa4 Nxa6 51. Kd4 Kf8 52. Bxb3
Ke7 53. Bc4 Nb4 54. Kc5 Nc2 55. b4 Ne3 56. b5 Kd7 57. Bxf7 1-0

[Event "Minsk Open 2010"]
[Site "?"]
[Date "2010.08.06"]
[Round "3.12"]
[White "Lomako, Pavel"]
[Black "Turebayeva, Alfiya"]
[Result "1-0"]
[WhiteElo "2431"]
[BlackElo "2162"]
[PlyCount "77"]
[EventDate "2010.08.04"]
[SourceDate "2010.08.04"]

1. d4 Nf6 2. Nf3 e6 3. Bg5 h6 4. Bh4 c5 5. c3 b6 6. e3 Ba6 7. Bxa6 Nxa6 8. Bxf6
Qxf6 9. Ne5 Nc7 10. Nd2 d6 11. Nec4 d5 12. Ne5 Bd6 13. f4 Bxe5 14. fxe5 Qg5 15.
Qe2 O-O 16. O-O f5 17. exf6 Rxf6 18. Rxf6 Qxf6 19. Rf1 Qe7 20. Qh5 Rf8 21.
Rxf8+ Kxf8 22. Nf3 cxd4 23. exd4 Kg8 24. Ne5 Nb5 25. Nc6 Qd7 26. Ne5 Qe7 27.
Nd3 Nd6 28. Qe5 Ne4 29. Nf4 Kf7 30. Qh5+ Kg8 31. Qe5 Kf7 32. Qh5+ Kg8 33. Qg4
Ng5 34. h4 Nf7 35. Qxe6 Qc7 36. Nxd5 Qd8 37. Ne7+ Kf8 38. Ng6+ Kg8 39. Ne5 1-0

[Event "Minsk Open 2010"]
[Site "?"]
[Date "2010.08.06"]
[Round "3.14"]
[White "Grib, Roman"]
[Black "Bulanov, Dmitri"]
[Result "1/2-1/2"]
[WhiteElo "2219"]
[BlackElo "2379"]
[PlyCount "56"]
[EventDate "2010.08.04"]
[SourceDate "2010.08.04"]

1. e4 c5 2. Nf3 e6 3. b3 d6 4. Bb5+ Nd7 5. O-O Ngf6 6. Re1 Be7 7. Bb2 O-O 8.
Bf1 b6 9. c4 Bb7 10. Qc2 Qc7 11. d4 cxd4 12. Nxd4 a6 13. Nc3 Rac8 14. Rad1 Qb8
15. Qb1 Rfd8 16. f3 Bf8 17. Kh1 d5 18. exd5 exd5 19. Nxd5 Nxd5 20. cxd5 Nf6 21.
Nc6 Bxc6 22. dxc6 Rxd1 23. Rxd1 Rxc6 24. Rc1 Rxc1 25. Qxc1 b5 26. Bxf6 gxf6 27.
Qc6 Qd6 28. Qxd6 Bxd6 1/2-1/2

[Event "Minsk Open 2010"]
[Site "?"]
[Date "2010.08.06"]
[Round "3.16"]
[White "Smirnov, Valerij"]
[Black "Abramenko, Sergey"]
[Result "1-0"]
[WhiteElo "2361"]
[BlackElo "2155"]
[PlyCount "73"]
[EventDate "2010.08.04"]
[SourceDate "2010.08.04"]

1. d4 Nf6 2. c4 e6 3. Nf3 b6 4. Nc3 Bb7 5. Qb3 Be7 6. Bg5 O-O 7. e3 h6 8. Bxf6
Bxf6 9. Bd3 d6 10. O-O-O Nd7 11. Bb1 a6 12. Qc2 g6 13. h4 h5 14. Ne4 Bg7 15.
Nfg5 Qe7 16. f3 d5 17. Ng3 c5 18. Nxh5 cxd4 19. Nxg7 Rac8 20. Rxd4 Kxg7 21. Kd1
e5 22. Rg4 f5 23. h5 Nf6 24. Rgh4 Nxh5 25. Rxh5 gxh5 26. Rxh5 Kg8 27. g4 e4 28.
Qh2 Qf6 29. Nh7 Qe6 30. Rg5+ Kf7 31. Rxf5+ Kg8 32. Rg5+ Kf7 33. Qh5+ Ke7 34.
Nxf8 Kxf8 35. Qh8+ Ke7 36. Qg7+ Kd6 37. Rg6 1-0

[Event "Minsk Open 2010"]
[Site "?"]
[Date "2010.08.06"]
[Round "3.17"]
[White "Harshkou, Mikita"]
[Black "Kolesnik, Eduard"]
[Result "0-1"]
[WhiteElo "2175"]
[BlackElo "2351"]
[PlyCount "50"]
[EventDate "2010.08.04"]
[SourceDate "2010.08.04"]

1. d4 d5 2. c4 e6 3. Nc3 c6 4. cxd5 exd5 5. Qc2 g6 6. Bf4 Bf5 7. Qd2 Nf6 8. e3
Nbd7 9. h3 Bb4 10. Bd3 Bxd3 11. Qxd3 O-O 12. Nf3 Ne4 13. O-O Re8 14. Ne5 Bd6
15. Nxe4 dxe4 16. Qb3 Bxe5 17. dxe5 Nc5 18. Qb4 Qb6 19. Qxe4 a5 20. Rfd1 Qb4
21. Rd4 Qxb2 22. Rad1 b6 23. Rd6 Rac8 24. Rf6 Re6 25. Rxe6 Nxe6 0-1

[Event "Minsk Open 2010"]
[Site "?"]
[Date "2010.08.06"]
[Round "3.18"]
[White "Polovkov, Valery"]
[Black "Khamitskiy, Sergei"]
[Result "1-0"]
[WhiteElo "2062"]
[BlackElo "2340"]
[PlyCount "55"]
[EventDate "2010.08.04"]
[SourceDate "2010.08.04"]

1. d4 d5 2. Nf3 c6 3. Bf4 Qb6 4. Qc1 Bg4 5. Ne5 Bf5 6. e3 Nf6 7. Bd3 Bxd3 8.
Nxd3 e6 9. O-O Nbd7 10. a4 c5 11. a5 Qa6 12. dxc5 Nxc5 13. Nxc5 Bxc5 14. Qd1
O-O 15. Qd3 Qxd3 16. cxd3 a6 17. Nd2 Rac8 18. Nb3 Bb4 19. Rfc1 Nd7 20. d4 f6
21. Bc7 Kf7 22. Rc2 Nc5 23. dxc5 Rxc7 24. Ra4 Bxc5 25. Nxc5 Rfc8 26. b4 Ke7 27.
Kf1 Kd6 28. Nxb7+ 1-0

[Event "Minsk Open 2010"]
[Site "?"]
[Date "2010.08.06"]
[Round "3.19"]
[White "Khaiminov, Alexandr"]
[Black "Ikonomopoulou, Maria"]
[Result "0-1"]
[WhiteElo "2323"]
[BlackElo "2066"]
[PlyCount "66"]
[EventDate "2010.08.04"]
[SourceDate "2010.08.04"]

1. e4 e6 2. d4 d5 3. Nc3 Bb4 4. e5 c5 5. a3 Bxc3+ 6. bxc3 Ne7 7. Qg4 O-O 8. Bd3
Nbc6 9. Qh5 Ng6 10. Nf3 Qc7 11. Kd1 b5 12. h4 c4 13. Be2 f6 14. Rh3 Bd7 15. Rg3
Nce7 16. exf6 Rxf6 17. Ng5 h6 18. Nf3 Rf5 19. Qg4 e5 20. dxe5 Rxe5 21. Qd4 Re4
22. Qd2 Nf4 23. Nd4 Rf8 24. Bf3 Re5 25. a4 b4 26. Bg4 bxc3 27. Qxc3 Bxg4+ 28.
Rxg4 Re4 29. Rxg7+ Kh8 30. Nb5 d4 31. Qg3 Qe5 32. f3 Nf5 33. Qh2 Re1+ 0-1

[Event "Minsk Open 2010"]
[Site "?"]
[Date "2010.08.06"]
[Round "3.20"]
[White "Makhnev, Vladimir"]
[Black "Korniyuk, Mariya"]
[Result "0-1"]
[WhiteElo "2284"]
[BlackElo "2070"]
[PlyCount "110"]
[EventDate "2010.08.04"]
[SourceDate "2010.08.04"]

1. d4 Nf6 2. c4 g6 3. Nc3 c5 4. d5 d6 5. Bg5 Bg7 6. Nf3 O-O 7. e3 Na6 8. Be2
Nc7 9. O-O Rb8 10. h3 Bd7 11. a4 b6 12. Nd2 a6 13. Ra2 b5 14. axb5 axb5 15. e4
bxc4 16. Nxc4 Rb4 17. f4 Bb5 18. Nxb5 Nxb5 19. Na5 Nd4 20. Bd3 Qc7 21. Bh4 Rfb8
22. Qa1 Ne8 23. Be1 Nb3 24. Nxb3 Rxb3 25. Bc3 c4 26. Bc2 R3b7 27. Qe1 Qc5+ 28.
Qf2 Qxf2+ 29. Kxf2 Nc7 30. Ke3 e6 31. dxe6 fxe6 32. Rfa1 d5 33. e5 Bf8 34. Rb1
Bc5+ 35. Kf3 d4 36. Be1 Nd5 37. Ra4 Ne3 38. Be4 Rxb2 39. Rxb2 Rxb2 40. Ra8+ Kf7
41. Rc8 Bb6 42. Bh4 Rb3 43. Rb8 Nd1+ 44. Kg4 Bc5 45. Rc8 Be7 46. Bxe7 Kxe7 47.
Kg5 Ne3 48. Rc7+ Kd8 49. Rc6 Ke7 50. Rd6 Nd5 51. Bxd5 exd5 52. Rxd5 d3 53. Rd4
Rb7 54. Rxc4 d2 55. Rd4 Rd7 0-1

[Event "Minsk Open 2010"]
[Site "?"]
[Date "2010.08.07"]
[Round "4.3"]
[White "Lintchevski, Daniil"]
[Black "Kocheev, Aleksandr"]
[Result "1-0"]
[WhiteElo "2507"]
[BlackElo "2259"]
[PlyCount "83"]
[EventDate "2010.08.04"]
[SourceDate "2010.08.04"]

1. e4 e5 2. Nf3 Nc6 3. Nc3 Nf6 4. Bb5 Bb4 5. O-O O-O 6. d3 Bxc3 7. bxc3 d6 8.
h3 Qe7 9. Re1 Nd8 10. d4 a6 11. Bd3 c5 12. a4 h6 13. d5 Nh5 14. g4 Nf6 15. Nd2
h5 16. Nc4 hxg4 17. Bg5 Qc7 18. Bxf6 gxf6 19. hxg4 b6 20. Qd2 Kg7 21. Kg2 Rg8
22. f3 Rb8 23. Rh1 Kf8 24. Rh6 b5 25. axb5 axb5 26. Ne3 c4 27. Be2 Ke7 28. Nf1
f5 29. exf5 Bxf5 30. Ng3 Bg6 31. f4 exf4 32. Qxf4 Kd7 33. Bf3 Qc5 34. Ra6 Rb6
35. Ra7+ Kc8 36. Rxg6 Rxg6 37. Ne4 Qxd5 38. Nf6 Qe6 39. g5 Rxf6 40. gxf6 Qe5
41. Qg4+ Qe6 42. Qd4 1-0

[Event "Minsk Open 2010"]
[Site "?"]
[Date "2010.08.07"]
[Round "4.4"]
[White "Prizant, Jaroslav"]
[Black "Meribanov, Vitaly"]
[Result "1-0"]
[WhiteElo "2489"]
[BlackElo "2171"]
[PlyCount "63"]
[EventDate "2010.08.04"]
[SourceDate "2010.08.04"]

1. d4 Nf6 2. Nf3 g6 3. c4 c5 4. d5 b5 5. cxb5 a6 6. Nc3 d6 7. e4 Bg7 8. a4 O-O
9. h3 axb5 10. Bxb5 Ba6 11. Bd2 Nbd7 12. O-O Ne8 13. Qe2 Nc7 14. Rab1 Qb8 15.
Rfc1 Bxb5 16. axb5 Qb7 17. b4 Bxc3 18. Bxc3 Nxb5 19. Ba1 Rfb8 20. bxc5 Nxc5 21.
Qe3 Qc8 22. e5 Qf8 23. exd6 exd6 24. Rd1 Re8 25. Qc1 Rxa1 26. Rxa1 Qg7 27. Qc2
Nc3 28. Re1 Rd8 29. Ra7 Nxd5 30. Ng5 Rf8 31. Nxf7 h5 32. Qd2 1-0

[Event "Minsk Open 2010"]
[Site "?"]
[Date "2010.08.07"]
[Round "4.6"]
[White "Kolesnik, Eduard"]
[Black "Zhigalko, Andrey"]
[Result "1/2-1/2"]
[WhiteElo "2351"]
[BlackElo "2591"]
[PlyCount "103"]
[EventDate "2010.08.04"]
[SourceDate "2010.08.04"]

1. e4 c5 2. Nf3 d6 3. d4 cxd4 4. Nxd4 Nf6 5. Nc3 a6 6. Be2 g6 7. Be3 Nbd7 8. f4
Bg7 9. Bf3 O-O 10. O-O e5 11. Nde2 exf4 12. Nxf4 Ne5 13. Qe2 Be6 14. Nxe6 fxe6
15. Rad1 Rc8 16. Bd4 Nfd7 17. Kh1 Qe7 18. Qd2 Nc4 19. Qc1 Bxd4 20. Rxd4 Nde5
21. Ne2 Nf7 22. b3 Nce5 23. Qd1 b5 24. Ng1 Rc6 25. Rd2 Kg7 26. Rdf2 Ng5 27. Qd4
Rf6 28. Bd1 Rxf2 29. Rxf2 Qc7 30. Nf3 Qa5 31. Rf1 Ngxf3 32. gxf3 Qb6 33. Qd2
Nf7 34. f4 Qc5 35. f5 exf5 36. exf5 gxf5 37. Rg1+ Kf8 38. Qg2 Qc3 39. Bh5 Ke7
40. Qd5 Ne5 41. Qg8 Qxc2 42. Qxh7+ Ke6 43. Qg8+ Kf6 44. Qg7+ Ke6 45. Qg8+ Kf6
46. Qg5+ Ke6 47. Qh6+ Kd5 48. Rd1+ Ke4 49. Re1+ Kd5 50. Rd1+ Ke4 51. Re1+ Kd5
52. Rd1+ 1/2-1/2

[Event "Minsk Open 2010"]
[Site "?"]
[Date "2010.08.07"]
[Round "4.7"]
[White "Tihonov, Jurij"]
[Black "Polovkov, Valery"]
[Result "1-0"]
[WhiteElo "2469"]
[BlackElo "2062"]
[PlyCount "59"]
[EventDate "2010.08.04"]
[SourceDate "2010.08.04"]

1. d4 Nf6 2. c4 g6 3. Nc3 Bg7 4. e4 d6 5. h3 O-O 6. Be3 Nbd7 7. Bd3 c6 8. Bc2
a6 9. Nf3 b5 10. c5 Ne8 11. O-O Qc7 12. Bb3 Bb7 13. Rc1 dxc5 14. dxc5 Rd8 15.
Qc2 Bc8 16. Rcd1 h6 17. Nh4 Kh7 18. f4 e5 19. f5 g5 20. Nf3 Bf6 21. g4 Be7 22.
Ne2 f6 23. h4 Kg7 24. Kg2 Qa7 25. Ng3 Rh8 26. Rh1 Nc7 27. Nh5+ Kf8 28. hxg5
fxg5 29. Rxd7 Rxd7 30. Nxe5 1-0

[Event "Minsk Open 2010"]
[Site "?"]
[Date "2010.08.07"]
[Round "4.8"]
[White "Kholopov, Alexander A"]
[Black "Lomako, Pavel"]
[Result "1/2-1/2"]
[WhiteElo "2315"]
[BlackElo "2431"]
[PlyCount "36"]
[EventDate "2010.08.04"]
[SourceDate "2010.08.04"]

1. c4 Nf6 2. Nc3 e6 3. e4 d5 4. e5 d4 5. exf6 dxc3 6. bxc3 Qxf6 7. Nf3 e5 8. d4
exd4 9. Bg5 Qe6+ 10. Be2 Be7 11. cxd4 Bxg5 12. Nxg5 Qe7 13. Qd2 Nc6 14. d5 Ne5
15. O-O O-O 16. f4 Nd7 17. Bd3 h6 18. Ne4 Nf6 1/2-1/2

[Event "Minsk Open 2010"]
[Site "?"]
[Date "2010.08.07"]
[Round "4.9"]
[White "Korniyuk, Mariya"]
[Black "Glidzhain, Gor"]
[Result "0-1"]
[WhiteElo "2070"]
[BlackElo "2369"]
[PlyCount "126"]
[EventDate "2010.08.04"]
[SourceDate "2010.08.04"]

1. e4 c6 2. d4 d5 3. e5 Bf5 4. c4 e6 5. a3 Nd7 6. cxd5 cxd5 7. Nc3 Ne7 8. Nge2
Nc6 9. Ng3 Bg6 10. Be3 Be7 11. f4 Rc8 12. Be2 O-O 13. O-O a6 14. f5 exf5 15.
Nxf5 Nb6 16. Nxe7+ Nxe7 17. Bg5 h6 18. Bxe7 Qxe7 19. Qb3 Qe6 20. h3 h5 21. Bf3
Rfd8 22. Rf2 Rc7 23. Qd1 Nc4 24. Qe2 Rdd7 25. Rc1 b5 26. Kh1 Rc8 27. Na2 Rdc7
28. Nb4 Be4 29. Rcf1 a5 30. Nd3 Qh6 31. Nc5 Qe3 32. Qxe3 Nxe3 33. Rc1 Nf5 34.
Bxe4 Ng3+ 35. Kg1 Nxe4 36. Rfc2 b4 37. axb4 axb4 38. b3 g6 39. Kh2 h4 40. Kg1
Kh7 41. Kf1 g5 42. Ke2 Kg6 43. Kd3 Kf5 44. Rf1+ Kg6 45. Rfc1 Ng3 46. Ra1 Nh5
47. Rf2 Nf4+ 48. Kd2 Rxc5 49. dxc5 Rxc5 50. Ra4 Kf5 51. Rxb4 Kxe5 52. Rb7 f5
53. Re7+ Kd4 54. Rf3 Ra5 55. Rc7 Ra2+ 56. Kc1 Rxg2 57. b4 Nd3+ 58. Kd1 g4 59.
Rxf5 Rg1+ 60. Kd2 Rg2+ 61. Kd1 gxh3 62. Rh7 h2 63. Rxh4+ Kc3 0-1

[Event "Minsk Open 2010"]
[Site "?"]
[Date "2010.08.07"]
[Round "4.10"]
[White "Ikonomopoulou, Maria"]
[Black "Podolchenko, Evgeniy"]
[Result "0-1"]
[WhiteElo "2066"]
[BlackElo "2514"]
[PlyCount "48"]
[EventDate "2010.08.04"]
[SourceDate "2010.08.04"]

1. e4 c5 2. Nf3 d6 3. d4 cxd4 4. Nxd4 Nf6 5. Nc3 a6 6. Bc4 e6 7. Bb3 b5 8. Bg5
Be7 9. Qf3 Qb6 10. Be3 Qb7 11. Qg3 O-O 12. f3 Nc6 13. Nxc6 Qxc6 14. O-O-O a5
15. Bh6 Nh5 16. Qg4 a4 17. Bd5 exd5 18. Qxh5 gxh6 19. exd5 Qc4 20. Qxh6 a3 21.
Rd3 axb2+ 22. Kd2 Bf5 23. Re1 Qh4 24. Qxh4 Bxh4 0-1